Demokratizatsiya

Detalles Bibliográficos
Formato: Desconocido
Lenguaje:inglés
Publicado: Estados Unidos : Heldref Publications
Materias:
Acceso en línea:Acceso restringido

MARC

LEADER 00000ny a22000003n 4500
005 20110512151823.0
008 071017c19uu9999us mr pss 0 a0eng d
022 |a 1074-6846 
035 |a 4117 
040 |a BUS  |d vLex 
090 |c 1818  |d 1818 
245 3 0 |a Demokratizatsiya  |h [Recurso electrn̤ico] 
256 |a Servicio en ln̕ea 
260 |a Estados Unidos :  |b Heldref Publications 
310 |a Trimestral 
506 1 |a Contenido solo disponible en los productos indicados  |d vLex Global  |d vLex Global (Academic Edition, excluding Law Schools)  |d vLex Global (U.S. Academic Edition, excluding Law Schools) 
650 0 4 |a Democracia  |x Publicaciones perid̤icas 
650 0 4 |a Government 
650 0 4 |a  Citizenship & Politics 
650 0 4 |a Social Sciences & Education 
740 0 |a vLex Revista (Servicios en ln̕ea) 
843 |a Electrn̤ica. Abierta 
853 |8 1  |i (year)  |j (month)  |k (day) 
856 4 0 |u http://vlex.com/source/4117  |z Acceso restringido 
942 |c REV